| 000 | 00581nam a2200229 a 4500 | ||
|---|---|---|---|
| 005 | 20210219153018.0 | ||
| 008 | 991125n 000 0 u | ||
| 035 | _aUPN01000073073 | ||
| 100 | _aBrecher, Kenneth | ||
| 222 | _aPHYSICS TEACHER | ||
| 245 | _aDo atoms really "emit" absorption liness? | ||
| 300 | _a454-456 | ||
| 362 | _a29, No. 7, 1991 | ||
| 505 | _aFebrero 1993 | ||
| 653 | 0 | _aEXPERIMENTOS CIENTIFICOS | |
| 653 | 0 | _aFISICA | |
| 653 | 0 | _aINSTRUCCION CIENTIFICA | |
| 653 | 0 | _aLUZ | |
| 653 | 0 | _aSPECTROSCOPIO | |
| 904 |
_aAC _b010884 |
||
| 905 | _aArticulo | ||
| 999 |
_c66215 _d66215 |
||